00000000nas##2200000za#4500
0019.510778
003CaOODSP
00520210305151629
007ta
008150406c2003||||xxc|| m #||||f|   |0eng|d
040 |aCaOODSP|beng
041 |aeng
041 |afre
043 |an-cn---
0861 |aYB372
1101 |aCanada. |bParliament. |bSenate.
24510|aSenate of Canada bill : |b2nd session, 37th Parliament, 51-52 Elizabeth II, 2002-2003
260 |bSenate
310 |aIrregular
563 |aSoftcover
7760#|tProjets de loi du Sénat : |w(CaOODSP)9.500156
792 |tSénat du Canada, projet de loi : |efre|w(CaOODSP)9.510779